You're a Mean One, Mr Grinch - Missing Lyrics - Statistics

General Stats
  • This quiz has been taken 80 times
  • The average score is 11 of 21
Answer Stats
Answer % Correct
You're a {mean} one, Mr Grinch
100%
You're a bad {banana}
72%
Your heart's an {empty} hole
70%
With a greasy, black {peel}
68%
I wouldn't {touch} you with a
66%
Thirty-nine-and-a-half-{foot} pole
66%
And as {charming} as an eel, Mr Grinch
62%
You're as {cuddly} as a cactus
62%
You really are a {heel}
57%
You've got garlic in your {soul}, Mr Grinch
55%
Your brain is full of {spiders}
51%
You're a {monster}, Mr Grinch, yes you are
47%
Given the {choice} between you
45%
I'd take the ... {seasick} crocodile
45%
Of a {seasick} crocodile, Mr Grinch
45%
Y'know if you ask the Who's-Who of {Whoville}
34%
You have all the {tender} sweetness
30%
You have {termites} in your smile
30%
You're a {vile} one, Mr Grinch
28%
Just face the {music}
21%
No-one would {deny} it
17%
No matching quizzes found
Score Distribution
Percent of People with Each Score
Percentile by Number Answered
Your Score History
You have not taken this quiz